Cultures and organizations : software of the mind

Bibliographic Details
Main Author: Hofstede, Geert
Format: Book
Published: London : Mcgraw-Hill , 1991
Subjects:

MARC

LEADER 00000cam a2200000 7i4500
001 0000002939
002 000003182
005 20081202.0
020 |a 0077074742 
090 0 0 |a 306   |b HOF 
100 1 |a Hofstede, Geert 
245 1 0 |a Cultures and organizations :   |b software of the mind   |c Geert Hofstede 
260 |a London :   |b Mcgraw-Hill ,   |c 1991 
300 |a 279p. ;   |c 23cm. 
650 0 0 |a Intercultural communication 
650 0 0 |a International cooperation 
650 0 0 |a Organization   |x Research 
999 |a 036558   |b BUKU   |c PINJAMAN   |e PERPUSTAKAAN KOMUNITI PETALING JAYA